[Event "Taastrup Quick Weekend-D 14th"]
[Site "Taastrup"]
[Date "2011.09.30"]
[Round "1"]
[White "Andersen, Jonas Odgaard"]
[Black "Hansen, Erik Friberg"]
[Result "1-0"]
[WhiteElo "1337"]
[BlackElo "1244"]
[PlyCount "115"]
[EventDate "2011.09.30"]
[EventType "tourn"]
[EventRounds "5"]
[EventCountry "DEN"]
[SourceTitle "EXT 2023"]
[Source "ChessBase"]
[SourceDate "2022.10.05"]
[SourceVersion "1"]
[SourceVersionDate "2022.10.05"]
[SourceQuality "1"]

1. e4 d5 2. exd5 Qxd5 3. Nc3 Qa5 4. d4 c6 5. Nf3 Bg4 6. Bd2 Qc7 7. h3 Bh5 8. Be2 Bxf3 9. Bxf3 Nf6 10. Bg5 Nbd7 11. Qd2 e6 12. 0-0-0 Bd6 13. g3 0-0-0 14. Ne4 Rdf8 15. Rhe1 Nxe4 16. Bxe4 h6 17. Be3 Nf6 18. Qd3 Nd5 19. a3 Nxe3 20. Rxe3 f5 21. Bg2 Qf7 22. f4 g5 23. Rf1 gxf4 24. gxf4 Re8 25. Qb3 Rhg8 26. Bh1 Rg6 27. Rc3 Qc7 28. Kb1 Bxf4 29. Ka2 Rg3 30. Rff3 Rxf3 31. Bxf3 Qd6 32. Qc4 Kb8 33. Rb3 Qc7 34. Qa6 Ka8 35. Qc4 Re7 36. Rb4 Bd6 37. Rb3 Bf4 38. Qd3 Qd7 39. Rc3 Bd6 40. a4 Bb4 41. Rc4 Bd6 42. a5 a6 43. Qc3 Qc7 44. Bxc6 bxc6 45. Rxc6 Qb7 46. Rxd6 Rc7 47. Rd8+ Ka7 48. Qe3 Rc8 49. d5+ Kb8 50. Rxc8+ Qxc8 51. Qb3+ Ka8 52. dxe6 Qe8 53. Qd5+ Kb8 54. Qd6+ Kc8 55. Qxa6+ Kd8 56. Qa8+ Ke7 57. Qxe8+ Kxe8 58. a6 1-0

[Event "Taastrup Quick Weekend 8th E"]
[Site "Taastrup"]
[Date "2008.10.26"]
[Round "4"]
[White "Andersen, Jonas Odgaard"]
[Black "Brauner, Benjamin"]
[Result "1-0"]
[WhiteElo "1083"]
[BlackElo "1327"]
[PlyCount "143"]
[EventDate "2008.10.24"]
[EventType "swiss"]
[EventRounds "5"]
[EventCountry "DEN"]
[SourceTitle "EXT 2023"]
[Source "ChessBase"]
[SourceDate "2022.10.05"]
[SourceVersion "1"]
[SourceVersionDate "2022.10.05"]
[SourceQuality "1"]

1. e4 e5 2. Nf3 Nc6 3. d4 exd4 4. Nxd4 Nf6 5. Nxc6 dxc6 6. Qxd8+ Kxd8 7. Nc3 Bb4 8. Bg5 Ke7 9. e5 h6 10. exf6+ gxf6 11. Bf4 Ba5 12. 0-0-0 Bf5 13. Bd3 Be6 14. Rde1 Rad8 15. Bc4 Rd4 16. Bxe6 fxe6 17. Be3 Rg4 18. g3 a6 19. f4 e5 20. a3 Ke6 21. b4 Bb6 22. Bxb6 cxb6 23. Na4 b5 24. Nc5+ Kf5 25. fxe5 fxe5 26. Nxb7 Rhg8 27. Nc5 Re8 28. Rhf1+ Kg6 29. Nxa6 Rg5 30. Nc5 Rh5 31. Rf2 Re7 32. Re4 Rg5 33. c4 Ra7 34. Rf3 Rh5 35. h4 Kg7 36. Rd3 Kf6 37. Rd6+ Ke7 38. Rxc6 bxc4 39. Rxc4 Rxa3 40. Ne4 Rf5 41. Rc2 Re3 42. R6c4 Rf1+ 43. Kd2 Rfe1 44. Nc5 R1e2+ 45. Kc1 Re1+ 46. Kb2 Rf1 47. R2c3 Rf2+ 48. Kb3 Re1 49. Nd3 Rb1+ 50. Ka4 Ra2+ 51. Kb5 Ra8 52. Nxe5 Rb8+ 53. Kc5 Rc8+ 54. Nc6+ Kd7 55. b5 Re1 56. Rd3+ Ke8 57. Rcd4 Rc1+ 58. Rc4 Re1 59. Rdd4 Re5+ 60. Rd5 Re6 61. Rd6 Re5+ 62. Rd5 Re6 63. Rcd4 Kf7 64. Rd7+ Kf6 65. R7d6 h5 66. Rf4+ Kg7 67. Rxe6 Rg8 68. Re7+ Kh6 69. Rf6+ Rg6 70. Rxg6+ Kxg6 71. Re5 Kh6 72. b6 1-0

[Event "Taastrup Quick Weekend 8th E"]
[Site "Taastrup"]
[Date "2008.10.25"]
[Round "2"]
[White "Andersen, Jonas Odgaard"]
[Black "Hein, Jacob"]
[Result "1/2-1/2"]
[WhiteElo "1083"]
[BlackElo "1400"]
[PlyCount "149"]
[EventDate "2008.10.24"]
[EventType "swiss"]
[EventRounds "5"]
[EventCountry "DEN"]
[SourceTitle "EXT 2023"]
[Source "ChessBase"]
[SourceDate "2022.10.05"]
[SourceVersion "1"]
[SourceVersionDate "2022.10.05"]
[SourceQuality "1"]

1. e4 c5 2. Nf3 e6 3. d4 cxd4 4. Nxd4 Bc5 5. Be3 e5 6. Nf3 Bxe3 7. fxe3 Qb6 8. b3 Nf6 9. Nbd2 Qxe3+ 10. Qe2 Qc3 11. Rc1 Nc6 12. Qc4 Qe3+ 13. Qe2 Qc5 14. Qc4 Qe3+ 15. Qe2 Qc5 16. Qc4 Qa3 17. Rb1 Qxa2 18. b4 Qa6 19. b5 Na5 20. bxa6 Nxc4 21. Bxc4 b6 22. Nxe5 0-0 23. 0-0 d6 24. Nc6 Kh8 25. Bd5 Nxd5 26. exd5 Bxa6 27. Rfd1 Be2 28. Re1 Bh5 29. Ra1 a5 30. Nc4 Rae8 31. Nxd6 Re2 32. Rxe2 Bxe2 33. Rb1 a4 34. Rxb6 a3 35. Nb4 h5 36. c4 f5 37. Ra6 Rb8 38. Nc6 Rb1+ 39. Kf2 Rb2 40. Rxa3 Bxc4+ 41. Kg1 Bxd5 42. Ne7 Bxg2 43. Nexf5 Bd5 44. Ne3 Be6 45. Ndc4 Rb8 46. Ra5 g6 47. Ra6 Re8 48. Ra5 Kg7 49. Nd5 Rf8 50. Ra7+ Kh6 51. Nde3 Kg5 52. Ra5+ Kf4 53. Ra2 Ke4 54. Ra4 g5 55. Ng2 Bd7 56. Rb4 Kd4 57. Nd6+ Kc5 58. Rb3 Kxd6 59. Rd3+ Kc6 60. Ne3 Bh3 61. Rd5 g4 62. Rxh5 Rf3 63. Re5 Kd6 64. Re8 Kc5 65. Re7 Kd4 66. Ng2 Rf6 67. Re1 Rf3 68. Rf1 Rd3 69. Rf2 Rd1+ 70. Rf1 Rxf1+ 71. Kxf1 Bxg2+ 72. Kxg2 Ke5 73. Kg3 Kf5 74. h4 gxh3 75. Kxh3 1/2-1/2

[Event "Baltic Sea Cup"]
[Site "Bornholm"]
[Date "2008.08.06"]
[Round "10"]
[White "Andersen, Jonas Odgaard"]
[Black "Rothwell, Jonathan"]
[Result "1-0"]
[WhiteElo "1000"]
[BlackElo "1700"]
[PlyCount "67"]
[EventDate "2008.07.29"]
[EventType "swiss"]
[EventRounds "10"]
[EventCountry "DEN"]
[SourceTitle "CBM 125 Extra"]
[Source "ChessBase"]
[SourceDate "2008.09.01"]
[SourceVersion "1"]
[SourceVersionDate "2008.09.01"]
[SourceQuality "1"]

1. e4 e5 2. Nf3 Nc6 3. d4 exd4 4. Nxd4 Bc5 5. Be3 Ne5 6. Nc3 Nf6 7. Nf5 Bf8 8. Bd3 g6 9. Ng3 Bg7 10. Bf4 Nxd3+ 11. cxd3 0-0 12. 0-0 d6 13. Qc1 Re8 14. Re1 Be6 15. Nb5 Re7 16. d4 a6 17. Nc3 Nd7 18. d5 Bg4 19. f3 Bh5 20. Nxh5 gxh5 21. Bg5 Nf6 22. Qf4 Re5 23. Bxf6 Qxf6 24. Qxf6 Bxf6 25. Rac1 Bg5 26. Rc2 Re7 27. Ne2 h4 28. h3 Rc8 29. Nd4 Bf6 30. Nf5 Ree8 31. Rec1 Bg5 32. Rxc7 Bxc1 33. Rxc8 Rxc8 34. Ne7+ 1-0

[Event "Baltic Sea Cup"]
[Site "Bornholm"]
[Date "2008.08.01"]
[Round "5"]
[White "Christensen, Svend Ib"]
[Black "Andersen, Jonas Odgaard"]
[Result "0-1"]
[WhiteElo "1531"]
[BlackElo "1000"]
[PlyCount "48"]
[EventDate "2008.07.29"]
[EventType "swiss"]
[EventRounds "10"]
[EventCountry "DEN"]
[SourceTitle "CBM 125 Extra"]
[Source "ChessBase"]
[SourceDate "2008.09.01"]
[SourceVersion "1"]
[SourceVersionDate "2008.09.01"]
[SourceQuality "1"]

1. d4 c5 2. c3 Nc6 3. Nf3 Nf6 4. Bf4 g6 5. h3 Bg7 6. dxc5 0-0 7. Nbd2 b6 8. e3 bxc5 9. Be2 Qb6 10. Rb1 Ba6 11. 0-0 d6 12. Rc1 Bc8 13. Nc4 Qc7 14. Bd3 e5 15. Bh2 e4 16. Bxd6 Qd8 17. Bxf8 Bxf8 18. Bc2 exf3 19. Qxf3 Bb7 20. Rfd1 Qe7 21. Qe2 Ba6 22. Bd3 Ne5 23. Nxe5 Bxd3 24. Nxg6 Bxg6 0-1

[Event "Baltic Sea Cup"]
[Site "Bornholm"]
[Date "2008.07.29"]
[Round "1"]
[White "Andersen, Jonas Odgaard"]
[Black "Christensen, Klaus"]
[Result "0-1"]
[WhiteElo "1000"]
[BlackElo "2034"]
[PlyCount "72"]
[EventDate "2008.07.29"]
[EventType "swiss"]
[EventRounds "10"]
[EventCountry "DEN"]
[SourceTitle "CBM 125 Extra"]
[Source "ChessBase"]
[SourceDate "2008.09.01"]
[SourceVersion "1"]
[SourceVersionDate "2008.09.01"]
[SourceQuality "1"]

1. e4 c5 2. Nf3 Nc6 3. d4 cxd4 4. Nxd4 Qb6 5. Be3 Qxb2 6. Nd2 Nxd4 7. Rb1 Nxc2+ 8. Ke2 Nxe3 9. Rxb2 Nxd1 10. Kxd1 g6 11. Nf3 Bg7 12. Rc2 Nf6 13. Bd3 0-0 14. e5 Nd5 15. Bc4 Nb6 16. Bb3 d6 17. exd6 exd6 18. Rd2 Rd8 19. Re1 d5 20. Rde2 Bg4 21. a4 Bxf3 22. gxf3 Rac8 23. a5 Nc4 24. Ba4 Nb2+ 25. Kd2 Nxa4 26. Re7 Bc3+ 27. Kd1 Bxe1 28. Kxe1 Re8 29. Rxe8+ Rxe8+ 30. Kf1 d4 31. Kg2 d3 32. Kg3 d2 33. Kg2 d1Q 34. f4 Qg4+ 35. Kf1 Rd8 36. Ke1 Rd1# 0-1